00499nam a2200193 a 4500001001300000003000900013005001700022008004100039020001000080082001900090100002400109245003500133260004300168300001000211500003500221505001000256650001500266700002400281nice12345678IN_TiNIC20260116011829.0050524s1931 lona grp 000 0 eng  ac10000a294.59218bHUM aHume, Robert Ernest aThirteen Principal Upanishads. aLondonbOxford University Press c1931 a587p. aincludes index and biblioraphy2 aIndex aUpanishads1 aHume, Robert Ernest